Štyri strany sveta

Bibliographic Details
Main Author: Lahola, Leopold, 1918-1968 (Author)
Other Authors: Slavík, Bohdan, 1917-1974 (nob)
Format: Book
Language:Slovak
PhysicalDescription:147, [1] s. V. 8°
Published: Bratislava Pravda 1947
Series:Dramatická literatúra č. 1
Subjects:

MARC

LEADER 00000nam a2200000 a 4500
001 vtls001270651
003 SK-MaSNL
005 20260301155051.0
008 240318s1947 xo 0 slo
015 |a SNBA19451955-006385 
035 |a SNK000221728 
040 |a SNK  |b slo  |c SNK  |e AACR2 
041 0 |a slo 
044 |a xo  |c SK 
080 |a 885.4-2  |2 1981 
100 1 |a Lahola, Leopold,  |d 1918-1968  |4 aut  |9 99748 
245 1 0 |a Štyri strany sveta  |c Leopold Lahola 
260 |a Bratislava  |b Pravda  |c 1947  |e Komárno  |f Pravda 
300 |a 147, [1] s.  |c V. 8° 
490 0 |a Dramatická literatúra  |v č. 1 
500 |a Ob. Bohdan Slávik 
650 0 7 |a slovenská dráma  |2 SNK  |9 78099 
655 7 |a umelecká literatúra  |2 SNK  |9 60405 
700 1 |a Slavík, Bohdan,  |d 1917-1974  |4 nob  |9 175296 
852 |a Akadémia umení v Banskej Bystrici 
958 |a OND 
958 |a RK 
958 |a TL 
999 |c 799298  |d 801228 
952 |t P60, <05>, [BOOK], {605}  |a SNK  |b SNK  |y PREZ  |7 0  |p 17A0029196  |o snkSD 9689 D1  |0 0  |1 0  |4 0  |d 1996-12-20  |l 0  |r 2005-01-01 00:00:00  |w 2026-02-24 
952 |t P60, <05>, [BOOK], {605}  |a SNK  |b SNK  |y PREZ  |7 0  |p 17A0152484  |o snkSD 9689 D2  |0 0  |1 0  |4 0  |d 2001-03-03  |l 0  |r 2005-01-01 00:00:00  |w 2026-02-24 
952 |t P60, <03>, [BOOK], {603}  |a SNK  |b SNK  |y PREZ  |7 0  |p 17A0413865  |o snkSD 9689  |i snk4610/55  |0 0  |1 0  |4 0  |d 2004-02-17  |l 0  |r 2025-11-24 00:00:00  |w 2026-02-24 
952 |a SNKLM  |b SNKLM  |y NEVYP  |7 0  |o snklmMK 4392  |8 3  |0 0  |1 0  |4 0  |d 2006-07-14  |l 0  |r 2026-02-24 02:03:10  |w 2026-02-24